000 00531nam a2200169Ia 4500
999 _c21584
_d21584
003 OSt
005 20200615105728.0
008 190216s9999||||xx |||||||||||||| ||und||
020 _a9788180697937
040 _coclc
082 _a305.420954558
_bVAR/W
100 _aVarghese, Jaimon
_92876
245 0 _aWomen Empowerment Through Literacy Compaign /
_cJaimon Varghese
260 _bConcept Publishing,
_c2012.
_aNew Delhi:
300 _a294p
942 _cBK
_2ddc
_h305.420954558
_iVAR/W
_k305.420954558
_mVAR/W